000 01424nam a22003374a 4500
001 ebr10057386
003 CaPaEBR
006 m u
007 cr cn|||||||||
008 020606s2003 enk sb 001 0 eng
010 _z 2002075493
020 _z0333977149 (cloth)
040 _aCaPaEBR
_cCaPaEBR
035 _a(OCoLC)559080862
050 1 4 _aHX244
_b.F38 2003eb
082 0 4 _a324.24107/09/045
_221
100 1 _aFavretto, Ilaria,
_d1971-
245 1 4 _aThe long search for a third way
_h[electronic resource] :
_bthe British Labour Party and the Italian Left since 1945 /
_cIlaria Favretto.
260 _aHoundmills, Basingstoke, Hampshire ;
_aNew York :
_bPalgrave Macmillan,
_c2003.
300 _axii, 233 p.
490 1 _aSt. Antony's series
504 _aIncludes bibliographical references (p. 209-226) and index.
533 _aElectronic reproduction.
_bPalo Alto, Calif. :
_cebrary,
_d2013.
_nAvailable via World Wide Web.
_nAccess may be limited to ebrary affiliated libraries.
610 2 0 _aLabour Party (Great Britain)
_xHistory.
650 0 _aSocialism
_zGreat Britain
_xHistory.
650 0 _aSocialism
_zItaly
_xHistory.
655 7 _aElectronic books.
_2local
710 2 _aebrary, Inc.
830 0 _aSt. Antony's series (Palgrave Macmillan (Firm))
856 4 0 _uhttp://site.ebrary.com/lib/rucke/Doc?id=10057386
_zAn electronic book accessible through the World Wide Web; click to view
999 _c172686
_d172686